00637nam a2200193Ia 4500008004100000020001400041082001600055100002700071245003600098250000700134260004500141300003000186500001900216600002100235650005000256942000700306952011500313999001500428240925s9999 xx 000 0 und d a138873089 a005.133 SRI aPrashant , Sridharan - 0aJava beans: developers resource aNA aNew Jersey:bPrintice- Hall Int.c,1997. axxxvi,877p.bNAfOriginal aIncludes Index aComputer Science aComputer science, information & general works cBK 001040708CSaUITUbUITUd2000-07-28eNAg295.00l0o005.133 SRIpQ2532r2024-09-25 07:12:50w2024-09-25yBK c5031d5031